Revitalizácia a transformácia súboru objektov administratívy bývalého Štatistického úradu

Saved in:
Bibliographic Details
Main Author: Navarová, Nikola (Author)
Other Authors: Paňák, Pavel (Thesis advisor)
Format: Manuscript Book
Language:Slovak
Czech
Published: 2025
Subjects:
Online Access:http://is.stuba.sk/zp/portal_zp.pl?podrobnosti=185555
Tags: Add Tag
No Tags, Be the first to tag this record!

MARC

LEADER 00000ntm a22000003a 4500
001 stuzp104920
003 SK-STU
005 20250607210943.0
007 ta
008 150427s2015----xo-----f-mn---000-0-slo-d
040 |a STU  |b slo 
041 0 |a cze 
100 1 |a Navarová, Nikola  |u 051110  |4 aut  |U FAD Fakulta architektúry a dizajnu  |T FAD Ústav architektúry obytných budov  |X 103826  |U A1110  |Y 392  |7 103826 
242 0 1 |a Revitalizácia a transformácia súboru objektov administratívy bývalého Štatistického úradu  |y slo 
242 0 1 |a Revitalization and transformation of the administrative complex of the former Statistical Office  |y eng 
245 1 0 |a Revitalizácia a transformácia súboru objektov administratívy bývalého Štatistického úradu 
260 |c 2025 
650 4 |a recessed facade  |2 eng 
650 4 |a set of buildings  |2 eng 
650 4 |a statistical office  |2 eng 
650 4 |a zapuštěná fasáda  |2 cze 
650 4 |a soubor staveb  |2 cze 
650 4 |a statistický úřad  |2 cze 
650 4 |a zapustená fasáda  |2 slo 
650 4 |a súbor stavieb  |2 slo 
650 4 |a štatistický úrad  |2 slo 
700 1 |a Paňák, Pavel  |u 051110  |k Z1  |4 ths  |U FAD Fakulta architektúry a dizajnu  |T FAD Ústav architektúry obytných budov  |X 70322  |U A1110  |Y 392  |7 A000070322 
856 4 |u http://is.stuba.sk/zp/portal_zp.pl?podrobnosti=185555